Facebook Favorites Quiz Stats

 Plays Quiz Updated May 18, 2012

Challenge
Share
Tweet
Embed
Score 0/20 Timer 05:00
4 Plays Today
Option 1 More Likes % Correct
McDonald's???
93.2%
Michael Jordan???
90%
Easter???
89%
Coca-Cola???
88.7%
Harry Potter (book series)???
78.4%
Dreamworks???
78.2%
North Korea???
76.7%
Leprechauns???
73.2%
Nestle???
71.9%
AT&T???
71.7%
Option 1 More Likes % Correct
Mozilla Firefox???
64.7%
Black Eyed Peas???
60.1%
Mitt Romney???
54%
S'mores???
53.6%
Family Guy???
53.2%
Sporcle???
40.7%
Call of Duty???
34.3%
Biology???
27.6%
Italian???
26.4%
Komodo Dragon???
24.6%

You're not logged in!

Compare scores with friends on all Sporcle quizzes.
OR
Log In

You Might Also Like...

Show Comments

Extras

Top Quizzes Today


Score Distribution

Your Account Isn't Verified!

In order to create a playlist on Sporcle, you need to verify the email address you used during registration. Go to your Sporcle Settings to finish the process.

Report this User

Report this user for behavior that violates our Community Guidelines.

Details: